People of Finland in archaic times (Record no. 161708)
[ view plain ]
| 000 -LEADER | |
|---|---|
| campo de control de longitud fija | 00756nam a2200169 i 4500 |
| 001 - NÚMERO DE CONTROL | |
| campo de control | 161708 |
| 003 - IDENTIFICADOR DE NÚMERO DE CONTROL | |
| campo de control | ES-MaACL |
| 005 - FECHA Y HORA DE LA ÚLTIMA TRANSACCIÓN | |
| campo de control | 20230906212338.0 |
| 008 - DATOS DE LONGITUD FIJA--INFORMACIÓN GENERAL | |
| campo de control de longitud fija | 051018s1892 xxk |||| | eng d |
| 100 1# - ENTRADA PRINCIPAL--NOMBRE DE PERSONA | |
| Nombre de persona | Brown, John Croumbie. |
| 9 (RLIN) | 126197 |
| 245 10 - MENCIÓN DEL TÍTULO | |
| Título | People of Finland in archaic times |
| Resto del título | : being sketches of them given in the Kalevala and in other national works / |
| Mención de responsabilidad, etc. | compiled by J.C. Brown. |
| 260 ## - PUBLICACIÓN, DISTRIBUCIÓN, ETC. | |
| Lugar de publicación, distribución, etc. | London : |
| Nombre del editor, distribuidor, etc. | Kegan Paul, Trench, Trübner & Co., |
| Fecha de publicación, distribución, etc. | 1892 ( |
| Lugar de fabricación/manufactura | Kirkcaldy : |
| Fabricante | J. Crame) |
| 300 ## - DESCRIPCIÓN FÍSICA | |
| Extensión | 290 p. ; |
| Dimensiones | 19 cm. |
| 630 04 - PUNTO DE ACCESO ADICIONAL DE MATERIA--TÍTULO UNIFORME | |
| Título uniforme | Kalevala. |
| 9 (RLIN) | 147902 |
| 651 #4 - PUNTO DE ACCESO ADICIONAL DE MATERIA--NOMBRE GEOGRÁFICO | |
| Nombre geográfico | Finlandia- |
| Subdivisión general | Historia. |
| 9 (RLIN) | 151028 |
| 852 ## - LOCALIZACIÓN | |
| Ubicación | ES-MaACL |
| Número de control de estantería | G-1279 |
| Nota libre | - Enc. tela |
| -- | - Enc. con 80 p. de "Classified list of the publications of Kegan Paul, Trench, Trübner and Co. limited" 1892 |
| Estatus retirado | Estado de pérdida | Estado de daño | No para préstamo | Colección | Biblioteca de origen | Biblioteca actual | Ubicación en estantería | Fecha de adquisición | Fuente de adquisición | Total de préstamos | Signatura topográfica completa | Código de barras | Visto por última vez | Precio de reemplazo | Tipo de ítem Koha |
|---|---|---|---|---|---|---|---|---|---|---|---|---|---|---|---|
| Libros del s. XIX | Biblioteca del Ateneo de Madrid | Biblioteca del Ateneo de Madrid | Depósito 2 | 17/01/2008 | G-1279 | 1169391 | 23/02/2023 | 23/02/2023 | Libro impreso antiguo |
